| 000 | 00558pab a2200181 454500 | ||
|---|---|---|---|
| 008 | 180718b2005 xxu||||| |||| 00| 0 eng d | ||
| 100 | _aPfau, Michael | ||
| 245 | _aPresidential election campaigns and American democracy: the relationship between communication use and normative outcomes | ||
| 260 | _c2005 | ||
| 300 | _ap.48-62. | ||
| 362 | _aSep | ||
| 650 | _aUnited States - President - Elections | ||
| 650 | _aPresidents | ||
| 700 | _aSemmler, Shane M. | ||
| 700 | _aHouston, J. Brian | ||
| 773 | _aAmerican Behavioral Scientist | ||
| 909 | _a66977 | ||
| 999 |
_c66977 _d66977 |
||